=LDR 00000nam 2200000 4500 =001 INLIS000000000051365 =005 20170913021230 =035 ##$$a 0010-0917000169 =007 ta =008 170913###########################0###### =020 ##$$a 978-602-1129-15-9 =082 ##$$a 921 =084 ##$$a 921 AHM s =100 #$$a Ahmad Asnawi =245 1#$$a Sejarah para filsuf dunia /$c Ahmad Asnawi =260 ##$$a Yogyakarta :$b Indoliterasi,$c 2015 =300 ##$$a 313 hlm. : $b ilus. ; $c 23 cm =650 ##$$a Biografi Filsuf Dunia =990 ##$$a 1092010920 =990 ##$$a 1092010920 =990 ##$$a 1092010920 =990 ##$$a 1092010920 =990 ##$$a 1092010920 =990 ##$$a 21704071 =990 ##$$a 01201710920 =990 ##$$a 01201710921 =990 ##$$a 01201710922 =990 ##$$a 01201710923 =990 ##$$a 21704072 =990 ##$$a 01201710920 =990 ##$$a 01201710921 =990 ##$$a 01201710922 =990 ##$$a 21704071 =990 ##$$a 21704073 =990 ##$$a 01201710920 =990 ##$$a 01201710921 =990 ##$$a 21704072 =990 ##$$a 21704071 =990 ##$$a 21704074 =990 ##$$a 01201710920 =990 ##$$a 21704073 =990 ##$$a 21704072 =990 ##$$a 21704071 =990 ##$$a 21704075 =990 ##$$a 21704074 =990 ##$$a 21704073 =990 ##$$a 21704072 =990 ##$$a 21704071